| 000 | 00703nam a2200205 a 4500 | ||
|---|---|---|---|
| 001 | 000923971 | ||
| 003 | AM-YeHGA | ||
| 005 | 20250618074134.0 | ||
| 008 | 121031s2012 ai r 000 0 arm d | ||
| 020 | _a9789939838052 | ||
| 040 | _aAM-YeHGA | ||
| 041 | 0 | _aarm | |
| 100 | 1 |
_aՇիրազ, Հովհաննես Թադևոսի, _d1914-1984 _999 |
|
| 245 | 1 | 0 |
_aՀատընտիր / _cՀ.Թ. Շիրազ; Խմբ. և ծանոթագր.՝ Ս. Մուրադյան. |
| 260 |
_aԵրևան : _bՀայրապետ, _c2012. |
||
| 300 |
_a343 էջ ; _c20 սմ. |
||
| 650 | 1 | 4 | _aԵրկեր |
| 700 | 1 |
_aՄուրադյան, Սամվել Պարգևի, _d1945- _eխմբ. և ծանոթագր. _4edt _4cmm _92729 |
|
| 090 | _c318718 | ||
| 999 |
_c316990 _d316990 |
||